Normal view
MARC view
- STREBEL,IGNAZ
Entry Personal Name
001 - CONTROL NUMBER
- control field: 91838
003 - CONTROL NUMBER IDENTIFIER
- control field: NUST
005 - DATE AND TIME OF LATEST TRANSACTION
- control field: 20220525133201.0
008 - FIXED-LENGTH DATA ELEMENTS
- fixed length control field: 220525|| aca||aabn | a|a d
040 ## - CATALOGING SOURCE
- Original cataloging agency: NUST
- Transcribing agency: NUST
100 ## - HEADING--PERSONAL NAME
- Personal name: STREBEL,IGNAZ
670 ## - SOURCE DATA FOUND
- Source citation: Work cat.: (NUST): STREBEL,IGNAZ., ARCHITECTURE COMPETITION PROJECT DESIGN AND THE BUILDING PROCESS /, 2017.
